A M. Kir. Kender-Lentermelési és Növényolaj Kísérleti Állomás gratuláló levele Szent-Györgyi Alberthez. Az állomás vezetőjének aláírásával

Elmentve itt :
Bibliográfiai részletek
További közreműködők: Laczkó Aladár
Dokumentumtípus: Kézirat
Megjelent: 1937-11-05
Kulcsszavak:Levelezés - M. Kir. Kender-Lentermelési és Növényolaj Kísérleti Állomás - Szent-Györgyi Albert, Nobel-díj - 1937
Online Access:http://misc.bibl.u-szeged.hu/47772
LEADER 00781ntm a2200169 i 4500
001 misc47772
005 20241204135652.0
008 201207s1937 hu o 000 hun d
040 |a SZTE Miscellanea Repozitórium  |b hun 
041 |a hun 
245 0 2 |a A M. Kir. Kender-Lentermelési és Növényolaj Kísérleti Állomás gratuláló levele Szent-Györgyi Alberthez. Az állomás vezetőjének aláírásával  |h [elektronikus dokumentum] 
260 |c 1937-11-05 
300 |a 2 fol. 
561 |a Szent-Györgyi Albert gratuláló levelek 
695 |a Levelezés - M. Kir. Kender-Lentermelési és Növényolaj Kísérleti Állomás - Szent-Györgyi Albert, Nobel-díj - 1937 
700 0 1 |a Laczkó Aladár 
856 4 0 |u http://misc.bibl.u-szeged.hu/47772/1/1937_nov_3_016-017.pdf  |z Dokumentum-elérés